| 000 | 01490nam a22003377a 4500 | ||
|---|---|---|---|
| 005 | 20150217081943.0 | ||
| 008 | 130821s2006 xxua gr spa | ||
| 020 | _a1597820091 | ||
| 020 | _a9781597820097 | ||
| 040 |
_aCO-BoUCM _bspa _cJose A. Gerena (modificó) _dDiana Londoño |
||
| 041 | 0 | 0 | _aspa |
| 245 | 0 | 3 |
_aLa política de las políticas públicas _cErnesto Stein, coordinador _bprogreso económico y social en América Latina informe 2006 |
| 260 |
_aWashington, D.C. Cambridge, MA México _bBanco Interamericano de Desarrollo David Rockefeller Center for Latin American Studies Planeta Mexicana _c2006 |
||
| 300 |
_ax, 314 páginas _bgráficas |
||
| 500 | _aIncluye lista de siglas | ||
| 504 | _aIncluye referencias bibliográficas | ||
| 650 | 7 |
_aAdministración pública _zAmérica Latina _936049 |
|
| 650 | 7 |
_aPolítica pública _zAmérica Latina _936301 |
|
| 651 | 4 |
_aAmérica Latina _xPolítica y gobierno _936050 |
|
| 690 | _aCiencia política | ||
| 700 | 1 |
_aEchebarría, Koldo _ecoordinador _936053 |
|
| 700 | 1 |
_aLora, Eduardo _ecoordinador _936054 |
|
| 700 | 1 |
_aPayne, Mark _ecoordinador _936055 |
|
| 700 | 1 |
_aStein, Ernesto _ecoordinador _936051 |
|
| 700 | 1 |
_aTommasi, Mariano _ecoordinador _936052 |
|
| 710 | 2 |
_aBanco Interamericano de Desarrollo _936056 |
|
| 710 | 2 |
_aDavid Rockefeller Center for Latin American Studies _936058 |
|
| 710 | 2 |
_aHarvard University _936057 |
|
| 942 |
_cLIBRO _a16 _e1 _mP779p _2DEWEY _h320.98 |
||
| 999 |
_c166249 _d166249 |
||